[Event "ISR-chT"]
[Site "Israel"]
[Date "2023.05.05"]
[Round "9.1"]
[White "Poleg, Dan"]
[Black "Bronstein, Or"]
[Result "0-1"]
[WhiteElo "2193"]
[BlackElo "2447"]
[PlyCount "80"]
[EventDate "2023.01.11"]
[EventType "team-tourn"]
[EventRounds "11"]
[EventCountry "ISR"]
[SourceTitle "EXT 2024"]
[Source "ChessBase"]
[SourceDate "2023.10.10"]
[SourceVersion "1"]
[SourceVersionDate "2023.10.10"]
[SourceQuality "1"]
[WhiteTeam "Netanya"]
[BlackTeam "Rishon Le Zion"]
[WhiteTeamCountry "ISR"]
[BlackTeamCountry "ISR"]

1. d4 Nf6 2. Nf3 g6 3. Nbd2 d5 4. e3 Bg7 5. b4 a5 6. b5 c5 7. c4 cxd4 8. Nxd4 0-0 9. Bb2 Bg4 10. N4f3 Nbd7 11. Be2 Nc5 12. Rc1 Rc8 13. 0-0 Nfe4 14. Bxg7 Kxg7 15. cxd5 Qxd5 16. Nc4 Qxd1 17. Rfxd1 Na4 18. Bf1 Nec3 19. Re1 Bxf3 20. gxf3 b6 21. Ra1 Rc5 22. Nd2 Rd8 23. Nb3 Rg5+ 24. Kh1 e5 25. Rec1 Rf5 26. Kg2 Rg5+ 27. Kh1 Rf5 28. Kg2 g5 29. Rc2 e4 30. fxe4 Nxe4 31. Nd4 Rf6 32. Rd1 Re8 33. Bd3 Nac3 34. Rdc1 Nd5 35. a3 h5 36. Bc4 Rd8 37. Rd1 Nxf2 38. Nf5+ Rxf5 39. Rxd5 Rfxd5 40. Bxd5 Ng4 0-1

[Event "ISR-chT"]
[Site "Israel"]
[Date "2023.02.11"]
[Round "8.1"]
[White "Solomon, Asif"]
[Black "Poleg, Dan"]
[Result "0-1"]
[WhiteElo "2272"]
[BlackElo "2193"]
[PlyCount "108"]
[EventDate "2023.01.11"]
[EventType "team-tourn"]
[EventRounds "11"]
[EventCountry "ISR"]
[SourceTitle "EXT 2024"]
[Source "ChessBase"]
[SourceDate "2023.10.10"]
[SourceVersion "1"]
[SourceVersionDate "2023.10.10"]
[SourceQuality "1"]
[WhiteTeam "Petah Tikva"]
[BlackTeam "Netanya"]
[WhiteTeamCountry "ISR"]
[BlackTeamCountry "ISR"]

1. d4 Nf6 2. c4 e6 3. Nf3 b6 4. a3 Bb7 5. Nc3 d5 6. cxd5 exd5 7. Bg5 Be7 8. e3 0-0 9. Bd3 Nbd7 10. Qc2 Ne4 11. h4 Re8 12. Bf4 a6 13. Rd1 Bd6 14. Bxd6 cxd6 15. Qb3 Ndf6 16. Ng5 Re7 17. 0-0 Rc8 18. Ne2 h6 19. Nh3 Nd7 20. Nhf4 Re8 21. h5 Ndf6 22. f3 Ng5 23. Rfe1 Rb8 24. Bf5 Bc6 25. Ng3 a5 26. Rc1 Ba8 27. Qb5 Bb7 28. Rc3 Ra8 29. Rec1 Re7 30. a4 Ba6 31. Qb3 Bc4 32. Qc2 b5 33. axb5 Bxb5 34. Kf2 a4 35. Bd3 Bxd3 36. Nxd3 Re8 37. Rc7 Ne6 38. Rb7 a3 39. Nb4 axb2 40. Qxb2 Qa5 41. Rc3 Rab8 42. Ra3 Qxa3 43. Qxa3 Rxb7 44. Nc6 Rb6 45. Qa4 Kh7 46. Nf5 Rc8 47. Nfe7 Rc7 48. g4 Nd8 49. Qa5 Rbb7 50. Nxd8 Rc2+ 51. Kg3 Rxe7 52. Qb6 Rxe3 53. Qb1 Ne4+ 54. Kf4 Rxf3+ 0-1

[Event "Netanya op"]
[Site "Netanya"]
[Date "2019.07.01"]
[Round "8"]
[White "Poleg, Dan"]
[Black "Yaniv, Yuval"]
[Result "0-1"]
[WhiteElo "2271"]
[BlackElo "2120"]
[PlyCount "100"]
[EventDate "2019.06.23"]
[EventType "swiss"]
[EventRounds "9"]
[EventCountry "ISR"]
[SourceTitle "CBM 191 Extra"]
[Source "ChessBase"]
[SourceDate "2019.09.30"]
[SourceVersion "1"]
[SourceVersionDate "2019.09.30"]
[SourceQuality "1"]

1. d4 Nf6 2. Nf3 g6 3. Nbd2 c5 4. dxc5 Qa5 5. c3 Qxc5 6. e4 d6 7. Qc2 Bg7 8. Bd3 0-0 9. Nb3 Qc7 10. 0-0 Nbd7 11. h3 a6 12. a4 b6 13. Bf4 Bb7 14. Qe2 Ne5 15. Nbd2 Nxd3 16. Qxd3 Nd7 17. Rfc1 Nc5 18. Qe3 Qc6 19. Bh6 e5 20. Bxg7 Kxg7 21. Nd4 Qd7 22. b4 Nxa4 23. Nf5+ Kh8 24. Nxd6 Qxd6 25. Rxa4 Qc6 26. Raa1 Rfd8 27. Rd1 Rd6 28. Nf3 f6 29. Rxd6 Qxd6 30. Ra2 Rd8 31. h4 Qc6 32. Rd2 Rxd2 33. Nxd2 Kg7 34. c4 a5 35. b5 Qd6 36. c5 Qxc5 37. Qxc5 bxc5 38. Nb3 a4 39. Nxc5 a3 40. f3 a2 41. Nb3 f5 42. exf5 gxf5 43. Kf2 Bd5 44. b6 Bxb3 45. b7 a1Q 46. b8Q Qd4+ 47. Kg3 Bf7 48. Qc8 f4+ 49. Kh2 Qd6 50. Qf5 Qf6 0-1

[Event "Netanya op"]
[Site "Netanya"]
[Date "2019.06.30"]
[Round "7"]
[White "Guz, Ari"]
[Black "Poleg, Dan"]
[Result "1/2-1/2"]
[WhiteElo "2151"]
[BlackElo "2271"]
[PlyCount "32"]
[EventDate "2019.06.23"]
[EventType "swiss"]
[EventRounds "9"]
[EventCountry "ISR"]
[SourceTitle "CBM 191 Extra"]
[Source "ChessBase"]
[SourceDate "2019.09.30"]
[SourceVersion "1"]
[SourceVersionDate "2019.09.30"]
[SourceQuality "1"]

1. c4 e6 2. g3 d5 3. Bg2 dxc4 4. Qa4+ Nd7 5. Qxc4 a6 6. Qc2 Ngf6 7. Nf3 c5 8. Nc3 Qc7 9. 0-0 Bd6 10. d4 0-0 11. dxc5 Nxc5 12. Bg5 Nce4 13. Rac1 Nxg5 14. Nxg5 h6 15. Nge4 Nxe4 16. Nxe4 Qxc2 1/2-1/2

[Event "Netanya op"]
[Site "Netanya"]
[Date "2019.06.28"]
[Round "6"]
[White "Poleg, Dan"]
[Black "Zoler, Dan"]
[Result "0-1"]
[WhiteElo "2271"]
[BlackElo "2499"]
[PlyCount "58"]
[EventDate "2019.06.23"]
[EventType "swiss"]
[EventRounds "9"]
[EventCountry "ISR"]
[SourceTitle "CBM 191 Extra"]
[Source "ChessBase"]
[SourceDate "2019.09.30"]
[SourceVersion "1"]
[SourceVersionDate "2019.09.30"]
[SourceQuality "1"]

1. d4 Nf6 2. c4 e6 3. Nf3 b6 4. a3 Bb7 5. Nc3 g6 6. Bg5 Bg7 7. e3 h6 8. Bh4 d6 9. Be2 Nbd7 10. d5 exd5 11. cxd5 0-0 12. 0-0 Re8 13. Rc1 a6 14. b4 b5 15. Nd4 Nb6 16. Bf3 Qd7 17. e4 Nc4 18. a4 Nb2 19. Qc2 Nxa4 20. Nxa4 bxa4 21. Rfd1 g5 22. Bg3 g4 23. Be2 Nxe4 24. Qxc7 Qxc7 25. Rxc7 Nxg3 26. hxg3 Bxd4 27. Rxd4 Rxe2 28. Rxg4+ Kh8 29. Rxb7 a3 0-1

[Event "Netanya op"]
[Site "Netanya"]
[Date "2019.06.26"]
[Round "4"]
[White "Poleg, Dan"]
[Black "Parnes, Nadav"]
[Result "1-0"]
[WhiteElo "2271"]
[BlackElo "2066"]
[PlyCount "55"]
[EventDate "2019.06.23"]
[EventType "swiss"]
[EventRounds "9"]
[EventCountry "ISR"]
[SourceTitle "CBM 191 Extra"]
[Source "ChessBase"]
[SourceDate "2019.09.30"]
[SourceVersion "1"]
[SourceVersionDate "2019.09.30"]
[SourceQuality "1"]

1. d4 Nf6 2. Nf3 g6 3. Nbd2 Bg7 4. e4 d6 5. Bb5+ c6 6. Bd3 0-0 7. 0-0 Qc7 8. c3 Bg4 9. h3 Bxf3 10. Nxf3 e5 11. Qe2 Nbd7 12. a4 Rfe8 13. dxe5 dxe5 14. Be3 Bf8 15. Bc4 Bd6 16. Ng5 Re7 17. Rfd1 h6 18. Nxf7 Rxf7 19. Bxh6 Bf8 20. Bxf7+ Kxf7 21. Qc4+ Ke7 22. Bg5 Bg7 23. Rd3 c5 24. a5 Nf8 25. Rad1 Ne6 26. Rd7+ Qxd7 27. Bxf6+ Bxf6 28. Rxd7+ 1-0

[Event "Netanya op"]
[Site "Netanya"]
[Date "2019.06.24"]
[Round "2"]
[White "Roiz, Michael"]
[Black "Poleg, Dan"]
[Result "1-0"]
[WhiteElo "2603"]
[BlackElo "2271"]
[PlyCount "155"]
[EventDate "2019.06.23"]
[EventType "swiss"]
[EventRounds "9"]
[EventCountry "ISR"]
[SourceTitle "CBM 191 Extra"]
[Source "ChessBase"]
[SourceDate "2019.09.30"]
[SourceVersion "1"]
[SourceVersionDate "2019.09.30"]
[SourceQuality "1"]

1. c4 e6 2. g3 d5 3. Bg2 dxc4 4. Qa4+ Nd7 5. Qxc4 a6 6. Qc2 c5 7. Nf3 Ngf6 8. Nc3 Bd6 9. 0-0 0-0 10. d4 Qc7 11. dxc5 Bxc5 12. Bg5 b5 13. Bf4 Qb6 14. Ne5 Bb7 15. Nxd7 Nxd7 16. Bxb7 Qxb7 17. Qe4 Qxe4 18. Nxe4 Be7 19. Bd6 Bxd6 20. Nxd6 Nb6 21. Rac1 Rfd8 22. Rfd1 h6 23. Kf1 Rd7 24. Ke1 Rad8 25. Ne4 Rxd1+ 26. Rxd1 Rc8 27. Rd6 Rb8 28. Rc6 a5 29. Nd6 Nc4 30. b3 Nxd6 31. Rxd6 b4 32. Rc6 Rb5 33. Kd2 Rd5+ 34. Kc2 Re5 35. e3 f5 36. Rc7 Kf8 37. Kd3 Rd5+ 38. Ke2 h5 39. h4 Re5 40. Kf3 Rd5 41. Ra7 Rc5 42. Kf4 Rc2 43. Ke5 Rxa2 44. Kxe6 Kg8 45. Kxf5 Rxf2+ 46. Kg6 Rf6+ 47. Kxh5 Re6 48. g4 Kh7 49. g5 Re5 50. e4 Re6 51. Rb7 Re5 52. Rb6 a4 53. Rxb4 a3 54. Ra4 a2 55. Ra7 a1Q 56. Rxa1 g6+ 57. Kg4 Rxe4+ 58. Kf3 Rxh4 59. Ra7+ Kg8 60. Rb7 Kf8 61. b4 Ke8 62. b5 Kd8 63. b6 Rb4 64. Rb8+ Kd7 65. b7 Kc7 66. Rg8 Kxb7 67. Rxg6 Kc7 68. Re6 Kd7 69. Re3 Ra4 70. Kg3 Rb4 71. Kh3 Ra4 72. g6 Ra6 73. g7 Ra8 74. Kh4 Rg8 75. Rg3 Ke7 76. Kh5 Kf7 77. Kh6 Rb8 78. Kh7 1-0

[Event "ISR-ch U18"]
[Site "Israel"]
[Date "2019.02.19"]
[Round "7"]
[White "Levi, Netanel"]
[Black "Poleg, Dan"]
[Result "1-0"]
[WhiteElo "2208"]
[BlackElo "2276"]
[PlyCount "57"]
[EventDate "2019.01.08"]
[EventType "tourn"]
[EventRounds "9"]
[EventCountry "ISR"]
[EventCategory "2"]
[SourceTitle "CBM 189 Extra"]
[Source "ChessBase"]
[SourceDate "2019.05.31"]
[SourceVersion "1"]
[SourceVersionDate "2019.05.31"]
[SourceQuality "1"]

1. e4 e5 2. Nf3 Nc6 3. Bb5 Nge7 4. 0-0 g6 5. c3 Bg7 6. d4 exd4 7. cxd4 a6 8. Bxc6 dxc6 9. h3 0-0 10. Nc3 Be6 11. Re1 h6 12. Bf4 Kh7 13. Na4 f5 14. Nc5 Bc8 15. exf5 Nxf5 16. Be5 b6 17. Bxg7 Nxg7 18. Nd3 Be6 19. Nde5 Bd5 20. Qc2 Qf6 21. Nd7 Qf4 22. Nxf8+ Rxf8 23. Qd2 Bxf3 24. Qxf4 Rxf4 25. gxf3 Rxd4 26. Re7 Rd2 27. Rxc7 h5 28. Re1 Kh6 29. f4 1-0

[Event "ISR-ch U18"]
[Site "Israel"]
[Date "2019.01.15"]
[Round "3"]
[White "Parkhov, Yair"]
[Black "Poleg, Dan"]
[Result "1/2-1/2"]
[WhiteElo "2336"]
[BlackElo "2276"]
[PlyCount "104"]
[EventDate "2019.01.08"]
[EventType "tourn"]
[EventRounds "9"]
[EventCountry "ISR"]
[EventCategory "2"]
[SourceTitle "CBM 189 Extra"]
[Source "ChessBase"]
[SourceDate "2019.05.31"]
[SourceVersion "1"]
[SourceVersionDate "2019.05.31"]
[SourceQuality "1"]

1. c4 e6 2. g3 d5 3. Bg2 dxc4 4. Qa4+ Nd7 5. Qxc4 a6 6. Qc2 c5 7. Nf3 Ngf6 8. Nc3 Nd5 9. 0-0 N7f6 10. Nxd5 exd5 11. d4 c4 12. b3 cxb3 13. Qxb3 h6 14. Ne5 Be7 15. Bf4 0-0 16. Rfc1 Bd6 17. Nd3 Bg4 18. Bxd6 Qxd6 19. Nf4 Rab8 20. e3 Rfd8 21. a4 b5 22. axb5 g5 23. Nd3 Bd7 24. Qb4 Bxb5 25. Qxd6 Rxd6 26. Ne5 Nd7 27. Nxd7 Rxd7 28. Rc5 Bc4 29. Rc6 Kg7 30. Bf1 Bb5 31. Bxb5 axb5 32. Kf1 b4 33. Ke2 Rb5 34. Kd2 b3 35. Rc5 Rxc5 36. dxc5 b2 37. Rb1 Rc7 38. Rxb2 Rxc5 39. Kd3 Ra5 40. Kd4 f6 41. h3 h5 42. f3 Kg6 43. Rf2 Kf5 44. g4+ hxg4 45. hxg4+ Ke6 46. Rc2 Ra4+ 47. Kd3 Ra3+ 48. Ke2 Ke5 49. Rd2 Ke6 50. Kf2 Ke5 51. Rb2 Rc3 52. Rb5 Ke6 1/2-1/2

[Event "ISR-chT"]
[Site "Israel"]
[Date "2019.01.05"]
[Round "2.6"]
[White "Veinberg, Nimrod"]
[Black "Poleg, Dan"]
[Result "1-0"]
[WhiteElo "2399"]
[BlackElo "2276"]
[PlyCount "67"]
[EventDate "2019.01.04"]
[EventType "team-tourn"]
[EventRounds "11"]
[EventCountry "ISR"]
[SourceTitle "CBM 188 Extra"]
[Source "ChessBase"]
[SourceDate "2019.02.28"]
[SourceVersion "1"]
[SourceVersionDate "2019.02.28"]
[SourceQuality "1"]
[WhiteTeam "Tsafrir Rehovot"]
[BlackTeam "Netanya Shlakman"]
[WhiteTeamCountry "ISR"]
[BlackTeamCountry "ISR"]

1. d4 d5 2. c4 dxc4 3. e4 Nf6 4. e5 Nd5 5. Bxc4 Nb6 6. Bd3 Nc6 7. Ne2 Be6 8. Nbc3 Bc4 9. Bxc4 Nxc4 10. e6 fxe6 11. 0-0 g6 12. Nf4 Qd7 13. Qe2 e5 14. dxe5 N4xe5 15. Rd1 Qc8 16. Ncd5 Kf7 17. Nh3 h6 18. f4 Ng4 19. Nxc7 Qxc7 20. Qxg4 e6 21. f5 exf5 22. Qc4+ Kg7 23. Nf4 Qb6+ 24. Kh1 Ne5 25. Qc3 Re8 26. Be3 Qc6 27. Qb3 b6 28. Rac1 Bc5 29. Bd4 Qf6 30. Bxc5 bxc5 31. Rxc5 Rhf8 32. Nd5 Qh4 33. Nc7 Re7 34. Qc3 1-0

[Event "ISR-chT"]
[Site "Israel"]
[Date "2018.02.16"]
[Round "7.6"]
[White "Poleg, Dan"]
[Black "Parkhov, Yair"]
[Result "0-1"]
[WhiteElo "2255"]
[BlackElo "2372"]
[PlyCount "96"]
[EventDate "2018.01.05"]
[EventType "team-tourn"]
[EventRounds "11"]
[EventCountry "ISR"]
[SourceTitle "CBM 182 Extra"]
[Source "ChessBase"]
[SourceDate "2018.02.23"]
[SourceVersion "1"]
[SourceVersionDate "2018.02.23"]
[SourceQuality "1"]
[WhiteTeam "Kiryat Ono"]
[BlackTeam "Tsafrir Rehovot"]
[WhiteTeamCountry "ISR"]
[BlackTeamCountry "ISR"]

1. d4 Nf6 2. Nf3 g6 3. Bg5 Bg7 4. Nbd2 d5 5. e3 0-0 6. Bd3 c5 7. c3 Qb6 8. Rb1 Nc6 9. 0-0 Re8 10. Bxf6 Bxf6 11. e4 Be6 12. e5 Bg7 13. dxc5 Qxc5 14. Re1 Qa5 15. Ra1 Qb6 16. Rb1 Rad8 17. Qa4 Qc7 18. Ng5 Nxe5 19. Nxe6 fxe6 20. Bf1 Rf8 21. Qh4 Rf5 22. f4 g5 23. fxg5 Rdf8 24. Kh1 Rf4 25. Qg3 Rg4 26. Qh3 Rxg5 27. Rxe5 Qxe5 28. Nf3 Qf5 29. Qxf5 Rgxf5 30. Bd3 Rxf3 31. gxf3 Rxf3 32. Bf1 Kf7 33. Re1 Rf2 34. Be2 e5 35. Rf1 Rxf1+ 36. Bxf1 e4 37. Kg2 Ke6 38. Kf2 Ke5 39. Ke2 Kf4 40. Bh3 e5 41. Bc8 b6 42. h3 d4 43. Bg4 Bh6 44. c4 e3 45. Kd3 Bg7 46. b4 e4+ 47. Kc2 d3+ 48. Kd1 Kg3 0-1

[Event "ISR-chT"]
[Site "Israel"]
[Date "2018.01.19"]
[Round "3.1"]
[White "Poleg, Dan"]
[Black "Huzman, Alexander"]
[Result "0-1"]
[WhiteElo "2255"]
[BlackElo "2561"]
[PlyCount "74"]
[EventDate "2018.01.05"]
[EventType "team-tourn"]
[EventRounds "11"]
[EventCountry "ISR"]
[SourceTitle "CBM 182 Extra"]
[Source "ChessBase"]
[SourceDate "2018.02.23"]
[SourceVersion "1"]
[SourceVersionDate "2018.02.23"]
[SourceQuality "1"]
[WhiteTeam "Kiryat Ono"]
[BlackTeam "Beer Sheva"]
[WhiteTeamCountry "ISR"]
[BlackTeamCountry "ISR"]

1. d4 Nf6 2. c4 e6 3. Nf3 d5 4. Nc3 c6 5. Bg5 h6 6. Bxf6 Qxf6 7. e3 g6 8. Bd3 Bg7 9. b4 Qe7 10. Qb3 dxc4 11. Bxc4 Nd7 12. e4 a5 13. e5 Qxb4 14. Qxb4 axb4 15. Ne4 Ke7 16. Ke2 b6 17. Nfd2 c5 18. f4 Bb7 19. Bb5 Ra5 20. Bxd7 Kxd7 21. dxc5 g5 22. g3 Bxe4 23. Nxe4 bxc5 24. Rhc1 Rc8 25. Rc2 gxf4 26. gxf4 Bf8 27. Nd2 Kc6 28. Nc4 Ra7 29. Rb1 Rca8 30. Rbb2 Be7 31. Ke3 Kb5 32. Nd2 Ra3+ 33. Ke2 Rd8 34. Rb3 Ra7 35. Ke3 f6 36. Nc4 Rd4 37. Nd2 fxe5 0-1

[Event "ISR-chT"]
[Site "Israel"]
[Date "2018.01.05"]
[Round "1.3"]
[White "Poleg, Dan"]
[Black "Finkel, Alexander"]
[Result "1-0"]
[WhiteElo "2255"]
[BlackElo "2489"]
[PlyCount "122"]
[EventDate "2018.01.05"]
[EventType "team-tourn"]
[EventRounds "11"]
[EventCountry "ISR"]
[SourceTitle "CBM 182 Extra"]
[Source "ChessBase"]
[SourceDate "2018.02.23"]
[SourceVersion "1"]
[SourceVersionDate "2018.02.23"]
[SourceQuality "1"]
[WhiteTeam "Kiryat Ono"]
[BlackTeam "Kfar Saba Hapoel"]
[WhiteTeamCountry "ISR"]
[BlackTeamCountry "ISR"]

1. e4 g6 2. d4 Bg7 3. c4 c6 4. Nc3 d5 5. Nf3 dxe4 6. Nxe4 Bg4 7. Be3 Nh6 8. Ng3 Bxf3 9. Qxf3 Qa5+ 10. Bd2 Qb6 11. Qb3 0-0 12. c5 Qxb3 13. axb3 Rd8 14. Be3 Ng4 15. h3 Nxe3 16. fxe3 e5 17. Bc4 exd4 18. Rf1 Nd7 19. Rxf7 Kh8 20. Ne4 a5 21. Ng5 Nxc5 22. Rxb7 Rf8 23. Nf7+ Kg8 24. Rc7 a4 25. bxa4 Nxa4 26. b3 Nb6 27. Nd8+ Nxc4 28. Rxa8 Be5 29. Rxc6 Bg3+ 30. Kd1 Rf1+ 31. Ke2 Rf2+ 32. Kd3 Ne5+ 33. Kxd4 Nxc6+ 34. Nxc6+ Kf7 35. Ra7+ Ke6 36. Nd8+ Kd6 37. Nf7+ Kc6 38. Ne5+ Bxe5+ 39. Kxe5 Rxg2 40. Rxh7 Rg5+ 41. Kd4 Rd5+ 42. Ke4 Rb5 43. Rh6 Rb4+ 44. Ke5 Rb5+ 45. Kf4 Rxb3 46. Rxg6+ Kd7 47. h4 Ke7 48. e4 Rb1 49. h5 Kf7 50. Ra6 Rb5 51. e5 Rb1 52. Rf6+ Ke7 53. Kf5 Rf1+ 54. Kg6 Rg1+ 55. Kh6 Rg2 56. Rg6 Rh2 57. Rg5 Kf7 58. Rf5+ Ke6 59. Kg6 Rh1 60. Rg5 Ra1 61. h6 Kd5 1-0

[Event "World ol U16"]
[Site "Ahmedabad"]
[Date "2017.12.13"]
[Round "4.3"]
[White "Poleg, Dan"]
[Black "Rodrigue Lemieux, Shawn"]
[Result "1-0"]
[WhiteElo "2268"]
[BlackElo "2137"]
[PlyCount "75"]
[EventDate "2017.12.11"]
[EventType "team-swiss"]
[EventRounds "9"]
[EventCountry "IND"]
[SourceTitle "CBM 182 Extra"]
[Source "ChessBase"]
[SourceDate "2018.02.23"]
[SourceVersion "1"]
[SourceVersionDate "2018.02.23"]
[SourceQuality "1"]
[WhiteTeam "Israel"]
[BlackTeam "Canada"]
[WhiteTeamCountry "ISR"]
[BlackTeamCountry "CAN"]

1. d4 d5 2. Nf3 Nf6 3. Bf4 g6 4. e3 Bg7 5. Nbd2 Nbd7 6. Bd3 c5 7. c3 0-0 8. h3 Qb6 9. Rb1 Re8 10. Qa4 cxd4 11. cxd4 Nf8 12. b4 Bd7 13. Qb3 Rac8 14. a4 Qc6 15. b5 Qc3 16. 0-0 Bf5 17. Bxf5 gxf5 18. Qxc3 Rxc3 19. Rfc1 Rec8 20. Rxc3 Rxc3 21. b6 axb6 22. Rxb6 Ng6 23. Rxb7 Nxf4 24. exf4 Bh6 25. Rb8+ Kg7 26. g3 Ne4 27. a5 Rd3 28. a6 Ra3 29. Ra8 Ra1+ 30. Kg2 Ra2 31. a7 Nd6 32. Ne5 Nb5 33. Nc6 Nxa7 34. Rxa7 Rxd2 35. Nxe7 Kf6 36. Nxd5+ Kg6 37. Ra6+ Kg7 38. Ne3 1-0

[Event "World ol U16"]
[Site "Ahmedabad"]
[Date "2017.12.11"]
[Round "1.9"]
[White "Poleg, Dan"]
[Black "Van der Westhuizen, Donald"]
[Result "1-0"]
[WhiteElo "2268"]
[BlackElo "1704"]
[PlyCount "145"]
[EventDate "2017.12.11"]
[EventType "team-swiss"]
[EventRounds "9"]
[EventCountry "IND"]
[SourceTitle "CBM 182 Extra"]
[Source "ChessBase"]
[SourceDate "2018.02.23"]
[SourceVersion "1"]
[SourceVersionDate "2018.02.23"]
[SourceQuality "1"]
[WhiteTeam "Israel"]
[BlackTeam "South Africa II"]
[WhiteTeamCountry "ISR"]
[BlackTeamCountry "RSA"]

1. d4 Nf6 2. c4 c5 3. d5 e6 4. Nc3 exd5 5. cxd5 d6 6. Nf3 g6 7. e4 Bg4 8. Be2 Bxf3 9. Bxf3 Bg7 10. Bf4 0-0 11. 0-0 a6 12. a4 Qe7 13. Re1 Nfd7 14. Qc2 Ne5 15. Be2 f5 16. exf5 Rxf5 17. Bg3 Qf8 18. f4 Rxf4 19. Bxf4 Qxf4 20. Ne4 Nbd7 21. Rad1 Nf6 22. Nxd6 Neg4 23. Bxg4 Nxg4 24. g3 Qxd6 25. Re6 Qf8 26. Qe2 Bd4+ 27. Kg2 Nf6 28. Rf1 Qd8 29. d6 Ne8 30. Re7 Nxd6 31. Qe6+ Kh8 32. Rd7 Qe8 33. Rxd6 Qxe6 34. Rxe6 b5 35. axb5 axb5 36. b3 Ra2+ 37. Kh3 Kg8 38. Re7 Rb2 39. Rf3 Bg1 40. Rd3 Rxh2+ 41. Kg4 Kf8 42. Rc7 Re2 43. Rd8+ Re8 44. Rxe8+ Kxe8 45. Rxh7 Be3 46. Rb7 b4 47. Kf3 Bd4 48. Kf4 Bf6 49. Rc7 Bd4 50. Kg5 Be5 51. Rxc5 Bxg3 52. Kxg6 Kd7 53. Kf5 Kd6 54. Rb5 Be1 55. Ke4 Kc6 56. Rg5 Bc3 57. Rg6+ Kc5 58. Rh6 Bd2 59. Rh5+ Kc6 60. Kd3 Bc3 61. Kc4 Be1 62. Rh6+ Kc7 63. Kc5 Kd7 64. Rd6+ Kc7 65. Re6 Bc3 66. Re7+ Kc8 67. Kc6 Kd8 68. Re4 Bb2 69. Rxb4 Be5 70. Re4 Bc3 71. b4 Bf6 72. b5 Kc8 73. Re8+ 1-0

[Event "Maccabiah IM-B"]
[Site "Jerusalem"]
[Date "2017.07.12"]
[Round "7"]
[White "Poleg, Dan"]
[Black "Kudischewitsch, David"]
[Result "1-0"]
[WhiteElo "2232"]
[BlackElo "2330"]
[PlyCount "63"]
[EventDate "2017.07.05"]
[EventType "tourn"]
[EventRounds "9"]
[EventCountry "ISR"]
[EventCategory "3"]
[SourceTitle "CBM 179 Extra"]
[Source "ChessBase"]
[SourceDate "2017.08.23"]
[SourceVersion "1"]
[SourceVersionDate "2017.08.23"]
[SourceQuality "1"]

1. d4 a6 2. c4 Nf6 3. Nc3 c5 4. d5 b5 5. Nf3 d6 6. Nd2 b4 7. Nce4 g6 8. Nxf6+ exf6 9. a3 bxa3 10. Rxa3 Bg7 11. Re3+ Kf8 12. Ra3 f5 13. e4 fxe4 14. Nxe4 Nd7 15. Be2 Nf6 16. Nxf6 Qxf6 17. 0-0 h6 18. Bg4 Bf5 19. Bxf5 Qxf5 20. Qa4 Be5 21. Rf3 Qc8 22. Bf4 Bxf4 23. Rxf4 Kg7 24. b4 Rf8 25. bxc5 Qxc5 26. Re1 Qc7 27. h4 h5 28. Rfe4 a5 29. g4 hxg4 30. Re7 Qc8 31. R1e6 Kh6 32. Qc2 1-0

[Event "Maccabiah IM-B"]
[Site "Jerusalem"]
[Date "2017.07.11"]
[Round "6"]
[White "Kaspi, Alexander"]
[Black "Poleg, Dan"]
[Result "1/2-1/2"]
[WhiteElo "2435"]
[BlackElo "2232"]
[PlyCount "54"]
[EventDate "2017.07.05"]
[EventType "tourn"]
[EventRounds "9"]
[EventCountry "ISR"]
[EventCategory "3"]
[SourceTitle "CBM 179 Extra"]
[Source "ChessBase"]
[SourceDate "2017.08.23"]
[SourceVersion "1"]
[SourceVersionDate "2017.08.23"]
[SourceQuality "1"]

1. c4 Nf6 2. Nc3 e6 3. d4 Bb4 4. e3 0-0 5. Bd3 Nc6 6. Nge2 d5 7. a3 dxc4 8. Bxc4 Bd6 9. f4 a6 10. b4 b5 11. Bd3 Bb7 12. 0-0 Be7 13. Qc2 a5 14. Ne4 axb4 15. Nxf6+ Bxf6 16. Bxh7+ Kh8 17. Be4 Nxd4 18. Nxd4 Bxd4 19. Bxb7 Bxa1 20. Bxa8 Qxa8 21. axb4 Qa7 22. Rf3 Kg8 23. Rh3 f5 24. Bb2 c5 25. bxc5 Bxb2 26. Qxb2 Qxc5 27. Rg3 Rf7 1/2-1/2

[Event "Maccabiah IM-B"]
[Site "Jerusalem"]
[Date "2017.07.09"]
[Round "4"]
[White "Bronstein, Or"]
[Black "Poleg, Dan"]
[Result "1-0"]
[WhiteElo "2276"]
[BlackElo "2232"]
[PlyCount "97"]
[EventDate "2017.07.05"]
[EventType "tourn"]
[EventRounds "9"]
[EventCountry "ISR"]
[EventCategory "3"]
[SourceTitle "CBM 179 Extra"]
[Source "ChessBase"]
[SourceDate "2017.08.23"]
[SourceVersion "1"]
[SourceVersionDate "2017.08.23"]
[SourceQuality "1"]

1. e4 e5 2. Nf3 Nc6 3. Bb5 g6 4. c3 Bg7 5. d4 exd4 6. cxd4 a6 7. Ba4 b5 8. Bc2 d6 9. h3 Nge7 10. 0-0 0-0 11. Nc3 Bb7 12. Re1 Na5 13. Bf4 Rc8 14. Qd3 Qd7 15. a4 b4 16. Na2 d5 17. e5 Nac6 18. Nc1 Nd8 19. Nb3 Ne6 20. Bd2 Nc6 21. a5 Rb8 22. h4 Rfe8 23. h5 Bf8 24. Nh2 Ng7 25. hxg6 fxg6 26. Bd1 Qf5 27. Qe3 Qf7 28. Ng4 Nf5 29. Qd3 Bg7 30. f4 Bc8 31. Rc1 Nd8 32. Nh2 Ne6 33. Bg4 Bd7 34. Bxf5 Qxf5 35. Qxf5 gxf5 36. Nf3 Bf8 37. Be3 Be7 38. Ra1 Kf7 39. Kf2 h5 40. Rh1 Rh8 41. Nh4 Bxh4+ 42. Rxh4 Ke7 43. Rah1 Ng7 44. Nc5 Rh6 45. g4 fxg4 46. f5 Nxf5 47. Bxh6 Nxh4 48. Rxh4 Be8 49. Nxa6 1-0

[Event "Wch U16"]
[Site "Khanty-Mansiysk"]
[Date "2016.09.29"]
[Round "7"]
[White "Svidersky, Nikita"]
[Black "Poleg, Dan"]
[Result "0-1"]
[WhiteElo "1979"]
[BlackElo "2321"]
[PlyCount "90"]
[EventDate "2016.09.22"]
[EventType "swiss"]
[EventRounds "11"]
[EventCountry "RUS"]
[SourceTitle "EXT 2017"]
[Source "ChessBase"]
[SourceDate "2016.10.25"]
[SourceVersion "1"]
[SourceVersionDate "2016.10.25"]
[SourceQuality "1"]

1. e4 e5 2. Nf3 Nc6 3. Bb5 g6 4. c3 Bg7 5. d4 exd4 6. cxd4 a6 7. Bxc6 dxc6 8. Nc3 Ne7 9. 0-0 0-0 10. Be3 h6 11. Qd2 Kh7 12. Ne5 Be6 13. f3 c5 14. Rad1 cxd4 15. Bxd4 b6 16. Qf2 Qc8 17. f4 c5 18. Be3 Qc7 19. Qh4 Rad8 20. Nf3 f6 21. g4 Kg8 22. f5 g5 23. Nxg5 hxg5 24. Bxg5 fxg5 25. Qxg5 Rxd1 26. Rxd1 Bc8 27. Kg2 Qe5 28. h4 b5 29. h5 Qf6 30. Qxf6 Bxf6 31. Kf3 Bd4 32. Kg3 Bb7 33. Kf4 Rd8 34. Re1 b4 35. Nd1 Nc6 36. g5 Ne5 37. Re2 Nd3+ 38. Kf3 Re8 39. b3 Nc1 40. Re1 Nd3 41. Re2 Re5 42. h6 Rxf5+ 43. Kg4 Rf4+ 44. Kh5 Bxe4 45. Ne3 Bf3+ 0-1

[Event "Wch U16"]
[Site "Khanty-Mansiysk"]
[Date "2016.09.25"]
[Round "4"]
[White "Poleg, Dan"]
[Black "Doluweera, Minul Sanjula"]
[Result "0-1"]
[WhiteElo "2321"]
[BlackElo "2127"]
[PlyCount "66"]
[EventDate "2016.09.22"]
[EventType "swiss"]
[EventRounds "11"]
[EventCountry "RUS"]
[SourceTitle "EXT 2017"]
[Source "ChessBase"]
[SourceDate "2016.10.25"]
[SourceVersion "1"]
[SourceVersionDate "2016.10.25"]
[SourceQuality "1"]

1. d4 d5 2. Nf3 Nf6 3. c4 e6 4. Nc3 Bb4 5. e3 c5 6. Bd2 0-0 7. a3 cxd4 8. Nxd4 Bd6 9. cxd5 exd5 10. Bb5 a6 11. Ba4 Bg4 12. Qb1 Nc6 13. Bxc6 bxc6 14. Nxc6 Qe8 15. Nd4 Ne4 16. Qc2 Rc8 17. 0-0 Nxc3 18. Bxc3 Qe5 19. g3 Qh5 20. f4 Bc5 21. Qd2 Bxd4 22. Qxd4 f6 23. Rac1 Bf3 24. Rf2 Be4 25. Qb6 Ra8 26. Bd4 Qg4 27. b4 h5 28. Kf1 h4 29. gxh4 Rfc8 30. Bc5 d4 31. Ra1 Bd3+ 32. Ke1 Qg1+ 33. Kd2 Qxf2+ 0-1